000 01431nam a22001577a 4500
008 190710b xxu||||| |||| 00| 0 eng d
020 _a9789964632932
050 _aKRX658.A93
100 _aAdjei, Dennis Dominic
245 _aLand law, practice and conveyancing in Ghana. /
_cDennis Dominic Adjei.
260 _aAccra:
_bAdwinsa,
_c2015.
300 _axxxvi, 416p.:
_c25 cm.
500 _aIncludes index.
505 _aContents: Introduction to land law in Ghana -- Alienation of land -- Capacity to maintain an action in land matters -- Types of land dispositions in Ghana -- Compulsory acquisition -- Proper forum and reliefs sought in land matters -- Evidence in land matters -- Tenancies -- Objection to jurisdiction and defences in land matters -- Leases, assignments and subleases -- Trust and advancement -- Mortgages -- Licences and proprietary estoppel -- Easements and profits -- Registration of an instrument under the land registry act, 1962 (Act 122) -- Land title registration under the land title registration Act, 1986 (P.N.D.C.L 152) -- Covenants -- Land acquisition under the Minerals and Mining Act, 2006 (Act 703) and the rights of properties of land acquired for mining -- Transfer of land or interest in land -- Power of attorney, statutory declaration, wills, vesting asset and some forms of land dispositions -- Persons with disability in land matters -- Reforms in land administration.
942 _2lcc
_cBK
999 _c6778
_d14278